Zwischen Romantik und Moderne
| Titel: | Zwischen Romantik und Moderne : Glasmalerei und gestaltetes Glas im Dom St. Nikolai zu Greifswald 1833 bis 1989 / vorgelegt von: Reinhard Kuhl |
|---|---|
| Verfasser: | |
| Veröffentlicht: | Greifswald, 2016 |
| Umfang: | 162 Seiten, 110 ungezählte Seiten : Illustrationen ; 22 cm |
| Format: | Buch |
| Sprache: | Deutsch |
| Hochschulschrift: | Dissertation, Ernst-Moritz-Arndt-Universität Greifswald, 2014 |
| Hinweise zum Inhalt: |
Inhaltsverzeichnis
|
X
alg: 38717188 001A $06000:22-09-16 001B $03025:22-01-20 $t11:03:05.000 001D $06000:19-01-17 001U $0utf8 001X $00 002@ $0Aax 002C $aText $btxt $2rdacontent 002D $aohne Hilfsmittel zu benutzen $bn $2rdamedia 002E $aBand $bnc $2rdacarrier 003@ $0387171886 004A $fGewebe 006G $01113558857 006H $0TOCNEUA1638 $2DNB 006U $017,H01 $f20160912 007A $01113558857 $aDNB 009P $qapplication/pdf $A2 $3Inhaltsverzeichnis $uhttp://d-nb.info/1113558857/04 $mB:DE-101 010@ $ager 010E $erda 011@ $a2016 $n2016 013D $RWissenschaftliche Literatur $#Dissertations, Academic $#Thèses et écrits académiques $74113937-9 $8Hochschulschrift [Ts1] $9085338818 017A $asf 021A $aZwischen Romantik und Moderne $dGlasmalerei und gestaltetes Glas im Dom St. Nikolai zu Greifswald 1833 bis 1989 $hvorgelegt von: Reinhard Kuhl 028A $BVerfasser $4aut $7123341078 $8Kuhl, Reinhard$Z1954- [Tp3] $9154284122 033A $pGreifswald 034D $a162 Seiten, 110 ungezählte Seiten 034I $a22 cm 034M $aIllustrationen 037C $dDissertation $eErnst-Moritz-Arndt-Universität Greifswald $f2014 044K $#Greifswald $#Gryphisvaldia $#Universitäts- und Hansestadt Greifswald $#Hansestadt Greifswald $#Gryphiswaldiae $#Greifsvaldas $#Gryfia $#Gryphia $74021965-3 $8Greifswald [Tg1] $9085053651 044K $RGreifswald $#Dom Sankt Nikolai Greifswald $#Dom St. Nikolai Greifswald $#Sankt Nikolai Greifswald $#Greifswalder Dom Greifswald $74386852-6 $8Dom Greifswald$gGreifswald [Tg1] $9088436195 044K $RMalerei $RBleiverglasung $#Glass painting and staining $#Vitraux $#Peinture sur verre $#Vetrate $#Vidrieras $#Glasfenstermalerei $#Glasgemälde $#Glasfenster Glasmalerei $74021177-0 $8Glasmalerei [Ts1] $9085051594 045E $c740 045F $a748.50943178309045 $eDDC22ger 045F/01 $a748.5 045F/03 $f09045 045F/03 $g431783 045G $a709.4381609034 $eDDC23BSB 045G/01 $a709 045G/03 $f09034 045G/03 $f0904 045G/03 $g43816 045G/03 $g43 045R $aGeschichte 1833-1989 lok: 38717188 78 exp: 38717188 78 1 #EPN 201B/01 $022-01-20 $t10:40:14.000 201C/01 $022-01-20 201U/01 $0utf8 203@/01 $01076612385 208@/01 $a22-01-20 $be 209A/01 $a/ $f000 $x00 209A/01 $ab*p $x01 220C/01 $apgar 244Z/01 $#Pommern $#Pommern $#Herzogtum Pommern $#Herzogthum Pommern $#Provinz Pommern $#Pomorze $74046744-2 $8--Tg1--Pommern $x01 $9085130354 247C/01 $82080>Marburg/Lahn, Herder-Institut, Forschungsbibliothek, Bibliographieportal $9336309341
| LEADER | 00000cam a22000002c 4500 | ||
|---|---|---|---|
| 001 | 387171886 | ||
| 003 | DE-603 | ||
| 005 | 20200122110305.0 | ||
| 007 | tu | ||
| 008 | 160922s2016 xx |||| m u00||u|ger | ||
| 015 | |a 17,H01 |2 dnb | ||
| 016 | 7 | |2 DE-101 |a 1113558857 | |
| 035 | |a (DE-599)DNB1113558857 | ||
| 040 | |a DE-603 |b ger |c DE-603 |d DE-603 |e rda | ||
| 041 | |a ger | ||
| 082 | 0 | 4 | |8 1\u |a 748.50943178309045 |q DE-101 |2 22/ger |
| 083 | 0 | |8 2\u |a 709.4381609034 |q DE-101 |2 23/BSB | |
| 084 | |a 740 |q DE-101 |2 sdnb | ||
| 085 | |8 1\u |b 748.5 | ||
| 085 | |8 1\u |z 1 |s 09045 | ||
| 085 | |8 1\u |z 2 |s 431783 | ||
| 085 | |8 2\u |b 709 | ||
| 085 | |8 2\u |z 1 |s 09034 | ||
| 085 | |8 2\u |z 1 |s 0904 | ||
| 085 | |8 2\u |z 2 |s 43816 | ||
| 085 | |8 2\u |z 2 |s 43 | ||
| 090 | |a b | ||
| 100 | 1 | |a Kuhl, Reinhard |d 1954- |e Verfasser |4 aut |0 (DE-603)154284122 |0 (DE-588)123341078 |2 gnd | |
| 245 | 0 | 0 | |a Zwischen Romantik und Moderne |b Glasmalerei und gestaltetes Glas im Dom St. Nikolai zu Greifswald 1833 bis 1989 |c vorgelegt von: Reinhard Kuhl |
| 264 | 1 | |a Greifswald |c 2016 | |
| 300 | |a 162 Seiten, 110 ungezählte Seiten |b Illustrationen |c 22 cm | ||
| 336 | |a Text |b txt |2 rdacontent | ||
| 337 | |a ohne Hilfsmittel zu benutzen |b n |2 rdamedia | ||
| 338 | |a Band |b nc |2 rdacarrier | ||
| 502 | |b Dissertation |c Ernst-Moritz-Arndt-Universität Greifswald |d 2014 | ||
| 648 | 7 | |a Geschichte 1833-1989 |2 gnd | |
| 650 | 7 | |a Glasmalerei |0 (DE-588)4021177-0 |0 (DE-603)085051594 |2 gnd | |
| 651 | 7 | |a Greifswald |0 (DE-588)4021965-3 |0 (DE-603)085053651 |2 gnd | |
| 651 | 7 | |a Dom Greifswald |g Greifswald |0 (DE-588)4386852-6 |0 (DE-603)088436195 |2 gnd | |
| 655 | 7 | |a Hochschulschrift |2 gnd-content |0 (DE-588)4113937-9 |0 (DE-603)085338818 | |
| 856 | 4 | 2 | |m B:DE-101 |q application/pdf |u http://d-nb.info/1113558857/04 |3 Inhaltsverzeichnis |
| 924 | 0 | |9 2080 |a (DE-603)1076612385 |b DE-2080 |c HES |d d |g / | |


